000 00745nam a22001697a 4500
008 090825s2009 ua||||gr|||| 00| 0 ara d
020 _a9772087855
082 _222
_a219.3
_bت م ا
100 _98599
_aتمام , حسام
245 _aمع الحركات الاسلامية فى العالم:
_bرموز وتجارب وافكار /
_cحسام تمام
250 _aط1
260 _aالقاهرة:
_bمكتبة مدبولى؛
_c2009
300 _a235؛ص
_c24 سم
650 _98602
_aالاسلام والاصلاح السياسى
942 _2ddc
_cBB
999 _c12684
_d12684